| 000 | 01029nam a2200277Ia 4500 | ||
|---|---|---|---|
| 001 | 10552 | ||
| 003 | GE_BSU | ||
| 008 | 181216s||||||||xx |||||||||||||| ||und|| | ||
| 020 | _a9789941423369 | ||
| 040 | _cGE_BSU | ||
| 080 | _a616-053.2(075.8) | ||
| 100 | _aმანჯავიძე,ნინო;მეგრელიშვილი,გიული | ||
| 245 | _aპედიატრია.ტ.2 | ||
| 245 | _bსახ–ლო უმაღლ.სამედიც.სასწ.სტუდენტებისათვის | ||
| 245 | _cშემდგ.ქეთევან გოგბერაშვილი | ||
| 260 | _aთბილისი | ||
| 260 | _b[შპს თობასი] | ||
| 260 | _c2010 | ||
| 300 | _a868გვ.სურ.ცხრ.23სმ. | ||
| 300 | _bდანართი:გვ.856-857 | ||
| 300 | _eბიბლიოგრ. გვ.854-855 | ||
| 520 | _aსაგნ.საძ.გვ.858-866 | ||
| 541 | _h90ლ. | ||
| 653 | _aპედიატრია | ||
| 942 | _cBK | ||
| 999 |
_c43807 _d43807 |
||